Mechanika železničných tratí 1: Teoretická analýza a simulácia úloh mechaniky železničných tratí /

Enregistré dans:
Détails bibliographiques
Auteurs principaux: Moravčík, Milan (Auteur), Moravčík, Martin (Auteur)
Autres auteurs: Tesár, Alexander (Critique), Zvěřina, Pavel (Critique)
Format: Livre
Langue:slovaque
Publié: Žilina: EDIS, 2002
Édition:1. vyd.
Collection:Monografie
Sujets:
Tags: Ajouter un tag
Pas de tags, Soyez le premier à ajouter un tag!

MARC

LEADER 00000nam a22000003a 4500
001 0091863
003 SK-STU
005 20240202081424.6
007 ta
008 211130s ----xo-----e------000-0-----d
020 |a 80-7100-983-0 
040 |a STU  |b slo 
041 0 |a slo  |h slo 
044 |a xo 
100 1 |a Moravčík, Milan  |4 aut 
245 1 0 |a Mechanika železničných tratí 1:  |b Teoretická analýza a simulácia úloh mechaniky železničných tratí /  |c aut. Milan Moravčík, Martin Moravčík ; rec. Alexander Tesár, Pavel Zvěřina 
250 |a 1. vyd. 
260 |a Žilina:  |b EDIS,  |c 2002 
300 |a 300 s. 
490 0 |a Monografie 
650 0 7 |a železničné trate 
650 0 7 |a trate 
650 0 7 |a podložie 
650 0 7 |a koľajová trať 
650 0 7 |a experimentálne merania 
700 1 |a Moravčík, Martin  |4 aut 
700 1 |a Tesár, Alexander  |4 rev 
700 1 |a Zvěřina, Pavel  |4 rev 
996 |b 284V037660  |c V* 53238/O-24398  |l VVT  |s A  |a 24  |w 0091863_0001 
996 |b 284V037701  |c V* 53285/O-24445  |l VVS  |s A  |a 24  |w 0091863_0002